| 000 | 01074nam a2200229Ia 4500 | ||
|---|---|---|---|
| 003 | Ost | ||
| 005 | 20260507075757.0 | ||
| 008 | 260507s9999||||xx |||||||||||||| ||und|| | ||
| 020 | _a9789969537697 | ||
| 040 | _cfsecg | ||
| 041 | _aara | ||
| 082 | _a350 | ||
| 100 |
_aرحيمة، يونس _eمؤلف |
||
| 245 | 0 |
_aالحكامة وأساليب التسيير الإداري المحلي : _bتقاطعات وظيفية تنموية محلية / _c يونس رحيمة |
|
| 260 |
_aالجزائر: _bدار إيلياء للنشر والتوزيع, _c2024 |
||
| 300 |
_a233 صفحة؛ _bإيضاحات ؛ _c24 سم |
||
| 504 | _aالمراجع ص.213-233 | ||
| 520 | _aالاطار النظري و المفاهيمي للحكامة و التنمية المحلية ، نظريات و استراتيجيات و نماذج التنمية المحلية ، الحكامة و انماط التسيير المحلي ارتباطات تنموية متبادلة . | ||
| 653 | _aالادارة العامة | ||
| 653 | _aالادارة المحلية | ||
| 942 | _cكتاب | ||
| 999 |
_c46250 _d46250 |
||